000 00843nab a2200217 i 4500
001 768714001
003 CO-MdFUSB
005 20260316101849.0
008 230601s1989 us ||||| |||| 00| 0 eng d
040 _bspa
_aCO-MdFUSB
_cCO-MdFUSB
_dCO-MdFUSB
041 _aeng
100 _aSpickelmier, Jim
_eautor
245 1 _aSpittin' Out Peas
_b: when the question is control
_c/ Jim Spickelmier
300 _aVolumen 10, número 2 (Spring 1989), páginas 118 - 122
_c; 27 cm
520 _aCómo mediar en cuestiones de control, cambio y liderazgo entre generaciones en el entorno de una iglesia.
546 _aTexto en Inglés
650 7 _97265
_aLiderazgo
773 0 _068780
_981989
_oR2476
_tLeadership :
_w(CO-MdFUSB)768714001
_gVolumen 10, número 2 (Spring 1989), páginas 118 - 122
_qpágina 118
942 _cANA
945 _aJTF-925
999 _c68923
_d68923